<?xml version="1.0" encoding="UTF-8"?>
<record
    xmlns:xsi="http://www.w3.org/2001/XMLSchema-instance"
    xsi:schemaLocation="http://www.loc.gov/MARC21/slim http://www.loc.gov/standards/marcxml/schema/MARC21slim.xsd"
    xmlns="http://www.loc.gov/MARC21/slim">

  <leader>01130nas a2200277Ia 4500</leader>
  <controlfield tag="001">R519/L0700</controlfield>
  <controlfield tag="003">IT-RoPAU</controlfield>
  <controlfield tag="008">151124c99999999xx ||||||||||||   ||und||</controlfield>
  <datafield tag="040" ind1=" " ind2=" ">
    <subfield code="a">IT-RoPAU</subfield>
  </datafield>
  <datafield tag="040" ind1=" " ind2=" ">
    <subfield code="c">IT-RoPAU</subfield>
  </datafield>
  <datafield tag="041" ind1=" " ind2=" ">
    <subfield code="a">ITALIANO</subfield>
  </datafield>
  <datafield tag="100" ind1=" " ind2=" ">
    <subfield code="a">Morabito Vincenzo</subfield>
    <subfield code="g">Codice Aut. SPICS: 57943</subfield>
  </datafield>
  <datafield tag="210" ind1=" " ind2=" ">
    <subfield code="a">ECONOMIA &amp; MANAGEMENT</subfield>
  </datafield>
  <datafield tag="222" ind1=" " ind2=" ">
    <subfield code="a">Economia &amp; Management</subfield>
  </datafield>
  <datafield tag="245" ind1=" " ind2=" ">
    <subfield code="a">ECONOMIA &amp; MANAGEMENT, N.4 (LUGLIO/AGOSTO 2004)</subfield>
    <subfield code="b">Dal "Make Or Buy" Al "Make, Buy Or Rent" Nei Sistemi Informativi Aziendali</subfield>
  </datafield>
  <datafield tag="250" ind1=" " ind2=" ">
    <subfield code="a">1a ed.</subfield>
  </datafield>
  <datafield tag="260" ind1=" " ind2=" ">
    <subfield code="a">MILANO</subfield>
    <subfield code="b">ETAS LIBRI</subfield>
    <subfield code="c">2004</subfield>
  </datafield>
  <datafield tag="501" ind1=" " ind2=" ">
    <subfield code="b">Paulus - SPICS - Societ&#xE0; San Paolo EM (non-commercial uses only)</subfield>
    <subfield code="c">Copyright2015</subfield>
  </datafield>
  <datafield tag="300" ind1=" " ind2=" ">
    <subfield code="a">14 p. [81-94]</subfield>
  </datafield>
  <datafield tag="362" ind1=" " ind2=" ">
    <subfield code="a">N.04 (LUGLIO/AGOSTO 2004)</subfield>
  </datafield>
  <datafield tag="500" ind1=" " ind2=" ">
    <subfield code="a">Introduzione. La Progettazione dei Sistemi Informativi. Agenti del Cambiamento: gli Application Service Provider. Potenzialit&#xE0; Competitive e Meccanismi di Mitigazione dei Rischi: L'Esperienza Kyneste. Conclusioni.</subfield>
  </datafield>
  <datafield tag="650" ind1=" " ind2=" ">
    <subfield code="a">PUBBLICITA' - MARKETING</subfield>
    <subfield code="v">PUBBLICAZIONE PERIODICA</subfield>
  </datafield>
  <datafield tag="700" ind1=" " ind2=" ">
    <subfield code="a">Provera Bernardino</subfield>
  </datafield>
  <datafield tag="700" ind1=" " ind2=" ">
    <subfield code="g">Codice Aut. SPICS: 57637</subfield>
  </datafield>
  <datafield tag="942" ind1=" " ind2=" ">
    <subfield code="c">CR</subfield>
  </datafield>
  <datafield tag="999" ind1=" " ind2=" ">
    <subfield code="c">190652</subfield>
    <subfield code="d">190652</subfield>
  </datafield>
  <datafield tag="952" ind1=" " ind2=" ">
    <subfield code="0">0</subfield>
    <subfield code="1">0</subfield>
    <subfield code="4">0</subfield>
    <subfield code="6">R_519_000000000000000_L0700</subfield>
    <subfield code="7">1</subfield>
    <subfield code="a">SPICS</subfield>
    <subfield code="b">SPICS</subfield>
    <subfield code="d">2015-11-25</subfield>
    <subfield code="l">0</subfield>
    <subfield code="o">R519/L0700</subfield>
    <subfield code="r">2015-11-25 00:00:00</subfield>
    <subfield code="w">2015-11-25</subfield>
    <subfield code="y">CR</subfield>
    <subfield code="z">Progr. Ins: 83276 / Copia rara: NO / date import: 25.11.2015  / By Epidotti, Trombetti, Vaglietti</subfield>
  </datafield>
</record>
